000 00754nac a22002291u 4500
010 _a
020 _a817224875* :
020 _a817224407* :
082 0 0 _a352.39
_bDYN
090 _c9359
_d9359
100 _a20080729
245 1 0 _aDynamics of leadership :
_cEdited by Craig M. Watson.
260 _aMumbai:
_bJaico,2003.
_cc2003.
300 _axi,368 p. ;
_c24 cm.
_bill.;
500 _aDistributer: Al-Ahram
504 _aIncludes bibliographical references and index.
511 _aCatalogued by: Sara
650 0 _aLeadership
650 0 _aPublic administration
700 _aWatson, Craig M.
942 _cBB
_k352.39DYN
999 _c9359
_d9359